| 000 | 01334cam a22003254a 4500 | ||
|---|---|---|---|
| 001 | 13718038 | ||
| 005 | 20170105102420.0 | ||
| 008 | 040914s2004 nyu 000 0 eng | ||
| 010 | _a 2004058901 | ||
| 020 | _a0743271521 | ||
| 040 |
_aDLC _cDLC _dDLC |
||
| 042 | _apcc | ||
| 043 | _an-us--- | ||
| 050 | 0 | 0 |
_aDS79.76 _b.W55 2004 |
| 082 | 0 | 0 |
_a355.0092273 _222 |
| 245 | 0 | 0 |
_aWill they ever trust us again? : _bletters from the war zone _cMichael Moore. |
| 260 |
_aNew York : _bSimon & Schuster, _c2004. |
||
| 300 |
_axiv, 218 p. ; _c22 cm. |
||
| 650 | 0 |
_aIraq War, 2003-2011 _vPersonal narratives, American. |
|
| 650 | 0 |
_aSoldiers _zUnited States _vCorrespondence. |
|
| 651 | 0 |
_aUnited States _xHistory, Military _vSources. |
|
| 651 | 0 |
_aUnited States _xArmed Forces _vBiography. |
|
| 700 | 1 |
_aMoore, Michael, _d1954 April 23- |
|
| 856 | 4 | 1 |
_3Table of contents only _uhttp://www.loc.gov/catdir/toc/fy0708/2004058901.html |
| 856 | 4 | 2 |
_3Publisher description _uhttp://www.loc.gov/catdir/description/simon051/2004058901.html |
| 856 | 4 | 1 |
_3Sample text _uhttp://www.loc.gov/catdir/enhancements/fy0640/2004058901-s.html |
| 906 |
_a7 _bcbc _corignew _d1 _eocip _f20 _gy-gencatlg |
||
| 942 |
_2ddc _cBK |
||
| 999 |
_c13398 _d13398 |
||